Les sommets et leurs pays - Statistiques

Statistiques générales
  • Ce quiz a été pris 182 fois
  • Le résultat moyen est 10 sur 15
Statistiques - réponses
Sommet Pays % Correct
Mont Everest (8 850 m) Népal-Chine
99%
Mont Blanc (4 809 m) France-Italie
95%
Mont Fuji (3 776 m) Japon
93%
K 2 (8 611 m) Pakistan-Chine
90%
Kilimandjaro (5 895 m) Tanzanie
87%
Aconcagua (6 962 m) Argentine
78%
Mont Cervin ou Matterhorn (4 478 m) Suisse-Italie
78%
Mont Sinaï (2 285 m) Egypte
69%
Popocatépelt (5 452 m) Mexique
64%
Mont Logan (5 959 m) Canada
63%
Mont Ararat (5 137 m) Turquie
62%
Denali (6 194 m) Alaska (Etats Unis)
58%
Ben Nevis (1 343 m) Royaume Uni
47%
Mont Parnasse (2 460 m) Grèce
42%
Mont Apo (2 954 m) Philippines
18%
Aucun quiz correspondant
Distribution des résultats
% des personnes avec chaque résultat
Percentile par nombre de réponses
Votre historique - résultats
Vous n’avez pas pris ce quiz